| 000 | 01114nam a2200265Ia 4500 | ||
|---|---|---|---|
| 003 | OSt | ||
| 005 | 20221005111921.0 | ||
| 006 | a|||||r|||| 00| 0 | ||
| 007 | ta | ||
| 008 | 221004b |||||||| |||| 00| 0 san d | ||
| 020 |
_a9788170804826 (hbk) _cINR 225.00 |
||
| 024 | _a35115 | ||
| 037 |
_b135, 14/09/2017, Eastern Book Linkers _cTextual |
||
| 040 |
_aCRL _cCRL _bsan |
||
| 041 |
_2san _asan |
||
| 082 | _aNA4477,8(Q:45), 152Q7 | ||
| 100 | _aखण्डेलवाल, एस.एन., अनु. | ||
| 245 | 0 | _aकामाख्यातन्त्रम्ः भूमिका, मूल तथा भाषानुवाद | |
| 246 | _aKāmākhyātantramah bhūmikā, mūl tathā bhāṣhānuvāda | ||
| 260 |
_aवाराणसी _bचौखम्बा संस्कृत सीरीज आफिस भारत _c2017 |
||
| 300 |
_a131पृ0 _ccm. |
||
| 650 | _aमन्दिर | ||
| 942 |
_hNA4477,8(Q:45), 152Q7 _cTEXL _2cc |
||
| 999 |
_c1023293 _d1023293 |
||